| 000 | 01104nam a2200217Ia 4500 | ||
|---|---|---|---|
| 003 | Ost | ||
| 005 | 20260416102400.0 | ||
| 008 | 260416s9999||||xx |||||||||||||| ||und|| | ||
| 040 | _cfsecg | ||
| 041 | _aara | ||
| 082 | _a657.46 | ||
| 100 |
_aبن عميروش، صليحة _eمؤلف |
||
| 245 | 0 |
_a المحاسبة التحليلية : _bمطبوعة بيداغوجية موجهة لطلبة السنة الثانية ليسانس ل م د / _c صليحة بن عميروش |
|
| 260 |
_aالجزائر _bجامعة الجزائر3: كلية العلوم الإقتصادية، العلوم التجارية وعلوم التسيير _c2022 |
||
| 300 |
_a126 ورقة _bايضاحات _c12 سم |
||
| 504 | _aالمراجع ص.125 | ||
| 520 | _aمحاسبة التكاليف الكلية،محاسبة المواد،طريقة التكاليف المعيارية. | ||
| 653 | _aالمحاسبة التحليلية | ||
| 710 |
_aجامعة الجزائر3: كلية العلوم الإقتصادية، العلوم التجارية وعلوم التسيير _eناشر علمي |
||
| 942 | _cHANDOUT | ||
| 999 |
_c41389 _d41389 |
||